|
|
|
|
| LEADER |
01491nam a2200337 i 4500 |
| 001 |
36819 |
| 003 |
BD-DhAAL |
| 005 |
20230816141404.0 |
| 008 |
191226t2018 cau b 001 0 eng d |
| 010 |
|
|
|a 2017044644
|
| 020 |
|
|
|a 9781506386706 (pbk. : alk. paper)
|
| 040 |
|
|
|a DLC
|b eng
|c DLC
|e rda
|d DLC
|d BD-DhAAL
|
| 042 |
|
|
|a pcc
|
| 050 |
0 |
0 |
|a H62
|b .C6963 2018
|
| 082 |
0 |
0 |
|a 300.721
|2 23
|
| 100 |
1 |
|
|a Creswell, John W.
|9 38562
|
| 245 |
1 |
0 |
|a Research design :
|b qualitative, quantitative, and mixed methods approaches /
|c John W. Creswell, J. David Creswell.
|
| 250 |
|
|
|a Fifth edition.
|
| 260 |
|
|
|a Los Angeles :
|b SAGE,
|c c2018
|
| 300 |
|
|
|a xxv, 275 pages ;
|c 25 cm.
|
| 504 |
|
|
|a Includes bibliographical references and indexes.
|
| 526 |
|
|
|a ENH, BIED
|
| 541 |
|
|
|a Trim Education, Paragon enterprise ltd.
|e 36819, 41652
|
| 650 |
|
0 |
|a Social sciences
|x Research
|x Methodology.
|9 38563
|
| 650 |
|
0 |
|a Social sciences
|x Statistical methods.
|9 38564
|
| 700 |
1 |
|
|a Creswell, J. David.
|9 38565
|
| 852 |
|
|
|a Ayesha Abed Library
|c General Stacks
|
| 942 |
|
|
|2 ddc
|c BK
|
| 999 |
|
|
|c 41047
|d 41047
|
| 952 |
|
|
|0 0
|1 0
|2 ddc
|4 0
|6 300_721000000000000_GRE
|7 0
|9 67475
|a BRACUL
|b BRACUL
|c GEN
|d 2019-12-17
|e Trim Education
|g 4499.00
|l 5
|m 54
|o 300.721 GRE
|p 3010036819
|q 2026-08-30
|r 2024-09-05
|s 2024-09-05
|t 1
|v 4499.00
|w 2019-12-17
|y BK
|
| 952 |
|
|
|0 0
|1 0
|2 ddc
|4 0
|6 300_721000000000000_GRE
|7 0
|9 74224
|a BIED
|b BIED
|c GEN
|d 2023-08-16
|e Paragon enterprise Ltd.
|g 7150.00
|l 0
|o 300.721 GRE
|p 3070041652
|r 2023-08-16
|t 2
|v 7150.00
|w 2023-08-16
|y BK
|